期刊信息 |
| 索取号 |
O15/LAAIA
|
| 题名 |
Linear Algebra and Its Applications
|
| 作者 |
|
| 分册号 |
|
| 分册名 |
|
| 出版地 |
|
| 出版者 |
|
| 标准刊号 |
|
| 出版频率 |
|
| 中图法分类 |
O15
|
| 主题词 |
代数; 数论; 组合数学
|
| 电子资源 | |
| |
|
| 000 | 00361nas0 2200157 45 | |
| 001 | 0757195343 | |
| 005 | 20131118104236.29 | |
| 100 | @a20070415d km y0chiy0120 ea | |
| 101 | 0 | @aeng |
| 200 | 1 | @aLinear Algebra and Its Applications |
| 606 | 0 | @a代数 |
| 606 | 0 | @a数论 |
| 606 | 0 | @a组合数学 |
| 690 | @aO15@v4 | |
| 801 | 0 | @aCN@bPFT@c20070415 |
| 905 | @aTJWY@dO15@eLAAIA | |
| Linear Algebra and Its Applications |
| ● |
| 相关链接: |
|
|
|
|